000 00328nam a2200109Ia 4500
008 171204s9999 xx 000 0 und d
245 _aCambridge International AS and A Level Business:
245 _cMalcolm Surridge
260 _c2014
650 _xINTERNATIONAL BUSINESS
856 _uhttp://down.ebook777.com/034/1444181394.pdf
999 _c347021
_d347021